| 000 | 01361cam a2200313 i 4500 | ||
|---|---|---|---|
| 999 |
_c46955 _d46955 |
||
| 001 | 20604 | ||
| 003 | CO-MdFUSB | ||
| 005 | 20190202100401.0 | ||
| 008 | 161005s1985 xxu||||| |||| 00| 0 eng d | ||
| 020 | _a0-18006-1881-5 | ||
| 040 |
_aCO-MdFUSB _bEspañol _cCO-MdFUSB _dCO-MdFUSB _erda |
||
| 041 |
_aeng _hger |
||
| 082 |
_224 _aG 226.306 _bH511s |
||
| 100 | 1 |
_aHengel, Martin _d1926-2009 _eautor |
|
| 245 | 0 | 0 |
_aStudies in the gospel of Mark _c / Martin Hengel ; traducido por John Bowden |
| 264 | 1 |
_aPhiladelphia, Pennsylvania : _bFortress Press, _c℗1985 |
|
| 264 | 4 | _c©1985 | |
| 300 | _axiv, 206 páginas | ||
| 336 |
_2rdacontent _atexto _btxt |
||
| 337 |
_2rdamedia _asin mediación _bn |
||
| 338 |
_2rdacarrier _avolumen _bnc |
||
| 501 | _aRústico | ||
| 505 | 0 | 2 | _aEl evangelio de Marcos: Tiempo de origen y la situación -- Problemas literarios, teológicos e históricos en el evangelio de Marcos -- Los títulos de los evangelios y el evangelio de Marcos |
| 534 |
_cMarkus-Philologie. Historische, lieterargeschichtliche und stilistische Untersuchungen zum zweiten Evangelium y Das Evangelium und die Evangelien _pTítulo original en alemán de los artículos publicados en: |
||
| 630 | 7 |
_aBiblia N.T. _vMarcos _xCrítica, interpretación, etc. |
|
| 700 | 1 |
_aBowden, John _d1935-2010 _etraductor _9456 |
|
| 942 | _cBK | ||